Sandhya Vandanam: A Vedic Meditation on the Supreme Reality/ (Record no. 175720)

MARC details
000 -LEADER
fixed length control field 00678nam a22001937a 4500
005 - DATE AND TIME OF LATEST TRANSACTION
control field 20200923104210.0
010 ## - LCCN (DPL NO)
LC control number ENG-128449
020 ## - INTERNATIONAL STANDARD BOOK NUMBER
Terms of availability 90.00
International Standard Book Number 9789388492362
035 ## - SYSTEM CONTROL NUMBER
System control number EN-111981
037 ## - SOURCE OF ACQUISITION
Source of stock number/acquisition DBAD/PUB
082 ## - DEWEY DECIMAL CLASSIFICATION NUMBER
Classification number 230.42
100 ## - MAIN ENTRY--PERSONAL NAME
Personal name Rao, K. Aravinda
245 ## - TITLE STATEMENT
Title Sandhya Vandanam: A Vedic Meditation on the Supreme Reality/
Statement of responsibility, etc by Dr. K. Aravinda Rao
260 ## - PUBLICATION, DISTRIBUTION, ETC. (IMPRINT)
Place of publication, distribution, etc Vijaywada
Name of publisher, distributor, etc EMESCO BOOKS
Date of publication, distribution, etc 2019
270 ## - ADDRESS
Address 33-22-2, Chandram Buildings, C.R.Road, Chuttungunta
City Vijaywada
Postal code 520004
Telephone number 0866-2436643
Electronic mail address emescovja@gmail.com
300 ## - PHYSICAL DESCRIPTION
Extent 143p.
Dimensions 21cm(pbk)
Other physical details Pictures and mantras
500 ## - GENERAL NOTE
General note Includes Source Books
942 ## - ADDED ENTRY ELEMENTS (KOHA)
Source of classification or shelving scheme Dewey Decimal Classification
Item type English Books
Classification part 230.42
Call number suffix RAO
Holdings
Withdrawn status Lost status Not for loan Collection code Home library Current library Date acquired Source of acquisition Cost, normal purchase price Full call number Barcode Cost, replacement price Koha item type
      Non-fiction Ashok Vihar Ashok Vihar 23/09/2020 DBAD/PUB 90.00 230.42 RAO EN-111981 90.00 English Books

© Delhi Public Library
Hit Counter
free hit counter